Ч. 1: Общие методы проектирования и расчета. Надежность техники; Проектирование и конструирование в машиностроении

Bibliografiske detaljer
Parent link:Проектирование и конструирование в машиностроении: учебное пособие для вузов. Ч. 1: Общие методы проектирования и расчета. Надежность техники.— , 2008-2009
Andre forfattere: Бахарев В. П. Вениамин Павлович, Куликов М. Ю. Михаил Юрьевич, Бортников И. И. Иван Иванович, Схиртладзе А. Г. Александр Георгиевич
Summary:Пособие содержит сведения об основных этапах конструкторской проработки изделий машиностроения в процессе проектирования, показатели и методы оценки экономической эффективности конструкции, способы повышения и методы расчёта показателей надёжности конструкций различного функционального назначения, этапы внедрения САПР в конструкторскую практику. Предназначено для студентов, обучающихся по направлению «Конструкторско-технологическое обеспечение машиностроительных производств», выполняющих курсовые и дипломные проекты по специальностям 151001 (120100) «Технология машиностроения» и 190201 (150114) «Автомобиле- и тракторостроение». Может быть полезно для студентов экономических специальностей, обучающихся по направлению «Экономика и управление в машиностроении».
Sprog:russisk
Udgivet: 2008
Fag:
Format: Bog
KOHA link:https://koha.lib.tpu.ru/cgi-bin/koha/opac-detail.pl?biblionumber=147198

MARC

LEADER 00000nam2a2200000 4500
001 147198
005 20231031144948.0
010 |a 9785941781690 
035 |a (RuTPU)RU\TPU\book\159546 
090 |a 147198 
100 |a 20081111d2008 m y0rusy50 ca 
101 0 |a rus 
102 |a RU 
105 |a a j 001zy 
200 0 |a Ч. 1: Общие методы проектирования и расчета. Надежность техники  |f В. П. Бахарев, М. Ю. Куликов, И. И. Бортников, А. Г. Схиртладзе 
210 |d 2008 
215 |a 248 с.  |c ил. 
320 |a Библиогр.: с. 244-245. 
330 |a Пособие содержит сведения об основных этапах конструкторской проработки изделий машиностроения в процессе проектирования, показатели и методы оценки экономической эффективности конструкции, способы повышения и методы расчёта показателей надёжности конструкций различного функционального назначения, этапы внедрения САПР в конструкторскую практику. Предназначено для студентов, обучающихся по направлению «Конструкторско-технологическое обеспечение машиностроительных производств», выполняющих курсовые и дипломные проекты по специальностям 151001 (120100) «Технология машиностроения» и 190201 (150114) «Автомобиле- и тракторостроение». Может быть полезно для студентов экономических специальностей, обучающихся по направлению «Экономика и управление в машиностроении». 
461 1 |0 (RuTPU)RU\TPU\book\36924  |t Проектирование и конструирование в машиностроении  |o учебное пособие для вузов  |o в 2 ч.  |v Ч. 1: Общие методы проектирования и расчета. Надежность техники  |d 2008-2009 
610 1 |a машиностроение 
610 1 |a машины 
610 1 |a проектирование 
610 1 |a конструирование 
610 1 |a взаимозаменяемость 
610 1 |a стандартизация 
610 1 |a узлы 
610 1 |a надежность 
610 1 |a показатели 
610 1 |a расчеты 
610 1 |a экономические основы 
610 1 |a детали 
610 1 |a конструкторская документация 
610 1 |a технологичность 
610 1 |a учебные пособия 
675 |a 621.001.66(075.8)  |v 3 
701 1 |a Бахарев  |b В. П.  |g Вениамин Павлович 
701 1 |a Куликов  |b М. Ю.  |g Михаил Юрьевич 
701 1 |a Бортников  |b И. И.  |g Иван Иванович 
701 1 |a Схиртладзе  |b А. Г.  |g Александр Георгиевич 
801 1 |a RU  |b 63413507  |c 20081111  |g PSBO 
801 2 |a RU  |b 63413507  |c 20200304  |g PSBO 
900 |a Основы проектирования 
900 |a Технология машиностроения 
900 |a Технология машиностроительного производства 
900 |a Надежность и диагностика машин и станков 
942 |c BK 
951 |b 151000 
959 |a 108/20081111  |d 5  |e 290,13  |f АНЛ:1  |f ЧЗТЛ:1  |f УФ:3